| Tag |
First Indicator |
Second Indicator |
Subfields |
| LEADER |
00000cam a2200000 a 4500 |
| 001 |
in00000710708 |
| 005 |
20151016065143.0 |
| 008 |
811214r1981 enk 00011 eng d |
| 020 |
|
|
|a 0714527491
|
| 035 |
|
|
|a (OCoLC)07992849
|
| 035 |
|
|
|9 ADE0450AM
|
| 040 |
|
|
|a BTS
|c BTS
|d TXA
|d UtOrBLW
|
| 041 |
1 |
|
|a eng
|a fre
|
| 049 |
|
|
|a TXAM
|c [1443246]
|
| 090 |
|
|
|a PQ2635 O1958
|b J813 1981
|
| 100 |
1 |
|
|a Roché, Henri Pierre,
|d 1879-1959.
|
| 240 |
1 |
0 |
|a Jules et Jim.
|l English
|
| 245 |
1 |
0 |
|a Jules and Jim /
|c Henri-Pierre Roche ; translated by Patrick Evans.
|
| 264 |
|
1 |
|a London ;
|a Boston :
|b Marion Boyars,
|c 1981.
|
| 300 |
|
|
|a 239 pages ;
|c 22 cm.
|
| 336 |
|
|
|a text
|b txt
|2 rdacontent
|
| 337 |
|
|
|a unmediated
|b n
|2 rdamedia
|
| 338 |
|
|
|a volume
|b nc
|2 rdacarrier
|
| 500 |
|
|
|a Reprint : Originally published : Great Britain : Calder & Boyars, 1963.
|
| 500 |
|
|
|a Translation of: Jules et Jim.
|
| 999 |
|
|
|a MARS
|
| 999 |
f |
f |
|s 20d25045-89dc-3e7d-9bc5-322d65e62d70
|i c8185945-99d9-3ad3-bddb-0e07b35d0c37
|t 0
|
| 952 |
f |
f |
|p normal
|a Texas A&M University
|b College Station
|c Sterling C. Evans Library
|d Evans: Library Stacks
|t 0
|e PQ2635 O1958 J813 1981
|h Library of Congress classification
|i unmediated -- volume
|m A14805929777
|
| 998 |
f |
f |
|a PQ2635 O1958 J813 1981
|t 0
|l Evans: Library Stacks
|